[Event "Open DLF"]
[Site "Udine ITA"]
[Date "2007.03.07"]
[Round "7"]
[White "Gentile, Bruno"]
[Black "Degano, Emanuele"]
[Result "0-1"]
[WhiteElo "1404"]
[BlackElo "1623"]
[PlyCount "72"]
[EventDate "2007.01.24"]

1. e4 c5 2. Nf3 d6 3. Nc3 Nc6 4. d4 cxd4 5. Nxd4 a6 6. Bc4 e6 7. Be3 Qc7 8. Bb3
Na5 9. Qe2 Nxb3 10. Nxb3 b5 11. O-O-O Nf6 12. f3 Be7 13. h4 Nd7 14. Bf4 Ne5 15.
Qf2 Nc4 16. Rd3 Bb7 17. Rhd1 O-O 18. Qg3 Rad8 19. h5 Ne5 20. Rd4 Bf6 21. Bg5
Bxg5+ 22. Qxg5 f6 23. Qh4 Nc6 24. R4d2 Ne7 25. g4 d5 26. Nd4 Qb6 27. exd5 Nxd5
28. Nxd5 Bxd5 29. g5 e5 30. Nf5 Qe6 31. gxf6 Qxf5 32. Rxd5 Rxd5 33. Rxd5 Rxf6
34. Rd8+ Kf7 35. h6 Rxh6 36. Qe7+ Kxe7 0-1

[Event "Open DLF"]
[Site "Udine ITA"]
[Date "2007.03.07"]
[Round "7"]
[White "Paiaro, Solivano"]
[Black "Guida, Giulia"]
[Result "0-1"]
[WhiteElo "1425"]
[BlackElo "1377"]
[PlyCount "115"]
[EventDate "2007.01.24"]

1. e4 e5 2. Nf3 Nc6 3. Bc4 Bc5 4. d3 Nf6 5. Ng5 O-O 6. Nc3 Nd4 7. h3 c6 8. a3
d5 9. Ba2 dxe4 10. Ncxe4 Bb6 11. O-O Bf5 12. Re1 Nxe4 13. Nxe4 Be6 14. c3 Bxa2
15. Rxa2 Qd5 16. Ra1 Nf5 17. c4 Qd4 18. Be3 Nxe3 19. Rxe3 Qxb2 20. c5 Bc7 21.
Re2 Qd4 22. Re1 f5 23. Ng5 Rae8 24. Qb3+ Qd5 25. Qxb7 Bd8 26. Qxa7 Bxg5 27.
Red1 f4 28. f3 Bh4 29. Qa6 Qd4+ 30. Kh1 Rb8 31. Qxc6 Qf2 32. a4 Rb2 33. Rg1 Qd2
34. Qd5+ Kh8 35. a5 Bf2 36. Rgf1 Be3 37. Rg1 Bxg1 38. Rxg1 Qxa5 39. Qxe5 Rc2
40. d4 Qd8 41. Rd1 Re8 42. Qxf4 Rce2 43. Rc1 Re1+ 44. Rxe1 Rxe1+ 45. Kh2 h6 46.
Qf5 Rd1 47. c6 Rxd4 48. Qf7 Qd6+ 49. Kg1 Qxc6 50. Qf8+ Kh7 51. Qf5+ Kg8 52. Qe5
Rd1+ 53. Kf2 Rd5 54. Qe4 Rd2+ 55. Kg1 Qxe4 56. fxe4 Re2 57. Kf1 Rxe4 58. Kf2
0-1

[Event "Open DLF"]
[Site "Udine ITA"]
[Date "2007.03.07"]
[Round "7"]
[White "Tassinari, Luca"]
[Black "Alessandro, Sergio"]
[Result "0-1"]
[WhiteElo "1856"]
[BlackElo "1676"]
[PlyCount "58"]
[EventDate "2007.01.24"]

1. e4 e5 2. Nf3 d6 3. d4 Nd7 4. Bc4 Qf6 5. Bg5 Qg6 6. O-O Be7 7. Bxe7 Nxe7 8.
Re1 Nf6 9. dxe5 Nxe4 10. Nh4 Qh6 11. Rxe4 d5 12. Rd4 O-O 13. Bf1 c5 14. Ra4 Bd7
15. c3 b5 16. Ra5 Qxh4 17. Bxb5 Nc6 18. Bxc6 Bxc6 19. Rxc5 Rac8 20. Ra5 Qg5 21.
Rxa7 Qxe5 22. Nd2 d4 23. Rc1 dxc3 24. bxc3 Rfd8 25. Qc2 Qg5 26. g3 Rxd2 27. Qb3
Rxf2 28. Kxf2 Qd2+ 29. Kf1 Qg2+ 0-1

[Event "III Open A Primavera"]
[Site "Como ITA"]
[Date "2007.04.13"]
[Round "1"]
[White "Bellotto, Stefano"]
[Black "Raineri, Pieroberto"]
[Result "1-0"]
[WhiteElo "1988"]
[BlackElo "1565"]
[PlyCount "59"]
[EventDate "2007.04.13"]

1. d4 Nf6 2. c4 g6 3. Nc3 Bg7 4. e4 d6 5. Nge2 O-O 6. Ng3 c5 7. d5 e6 8. Be2
exd5 9. exd5 Nbd7 10. O-O a6 11. Bg5 h6 12. Bf4 Re8 13. Qd2 Qb6 14. Rab1 h5 15.
Rfe1 Ne5 16. Bxe5 Rxe5 17. Bd3 Ng4 18. h3 Rxe1+ 19. Rxe1 Ne5 20. Bf1 Qb4 21.
Nge4 Bxh3 22. f4 Bh6 23. Qf2 Ng4 24. Qe2 Bxg2 25. Bxg2 Re8 26. Bf3 f5 27. Bxg4
Rxe4 28. Nxe4 fxe4 29. Qxe4 Qxb2 30. Qxg6+ 1-0

[Event "III Open A Primavera"]
[Site "Como ITA"]
[Date "2007.04.13"]
[Round "1"]
[White "Calabrese, Salvatore"]
[Black "Ciancio, Mario"]
[Result "0-1"]
[WhiteElo "1356"]
[BlackElo "1569"]
[PlyCount "50"]
[EventDate "2007.04.13"]

1. e4 e5 2. Nf3 Nc6 3. Nc3 Nf6 4. b3 a6 5. a3 b5 6. Nd5 Bc5 7. b4 Ba7 8. Nxf6+
Qxf6 9. Bb2 d6 10. c4 Rb8 11. a4 bxc4 12. Bxc4 Rxb4 13. Qc2 Ne7 14. Ba3 Rb8 15.
Bd5 c5 16. d4 exd4 17. O-O Nxd5 18. exd5 O-O 19. Rfe1 Bg4 20. Rab1 Bxf3 21.
Rxb8 Rxb8 22. a5 Bxd5 23. Qa4 Qd8 24. f3 Rb5 25. Kf2 Bb3 0-1

[Event "III Open A Primavera"]
[Site "Como ITA"]
[Date "2007.04.13"]
[Round "1"]
[White "Corti, Filippo"]
[Black "Rizzi, Pierantonio"]
[Result "1-0"]
[WhiteElo "1649"]
[BlackElo "1410"]
[PlyCount "81"]
[EventDate "2007.04.13"]

1. Nf3 Nc6 2. d4 d6 3. c4 Nf6 4. Nc3 Bg4 5. Qa4 e6 6. d5 exd5 7. cxd5 Be7 8.
dxc6 O-O 9. cxb7 Rb8 10. Bg5 Rxb7 11. Bxf6 Bxf6 12. Qxg4 Rxb2 13. Nd5 c6 14.
Nxf6+ Qxf6 15. Qd4 Rb6 16. Qxf6 gxf6 17. g3 c5 18. Bg2 Rfb8 19. O-O Kf8 20. Nd2
Ke7 21. Rab1 Rh8 22. Rxb6 axb6 23. Rb1 Rb8 24. Nc4 b5 25. Be4 h5 26. Na5 Rg8
27. Rxb5 h4 28. Bf5 Rg5 29. g4 Kd8 30. Rb7 Ke8 31. Nc6 Kf8 32. h3 c4 33. f4 Rg8
34. a4 Kg7 35. a5 c3 36. a6 Re8 37. Kf2 d5 38. a7 Rc8 39. Nd4 Ra8 40. Ne6+ Kg8
41. Nc7 1-0

[Event "III Open A Primavera"]
[Site "Como ITA"]
[Date "2007.04.13"]
[Round "1"]
[White "Fusi, Claudio"]
[Black "Liscio, Giovanni"]
[Result "0-1"]
[WhiteElo "1565"]
[BlackElo "2000"]
[PlyCount "54"]
[EventDate "2007.04.13"]

1. d4 Nf6 2. c4 e6 3. Nc3 Bb4 4. Nf3 d6 5. Bg5 O-O 6. e3 Nbd7 7. Bd3 Qe8 8. O-O
Bxc3 9. bxc3 b6 10. e4 e5 11. d5 h6 12. Be3 Nb8 13. Qb3 Na6 14. Qb5 Nd7 15. Nh4
Qd8 16. Nf5 Ndc5 17. Bc2 Qf6 18. Bxc5 Nxc5 19. Qc6 Bxf5 20. exf5 Rac8 21. Qb5
e4 22. Qb1 Qxc3 23. Bxe4 Qxc4 24. Re1 Rfe8 25. f3 Re7 26. f6 Qd4+ 27. Kh1 Qxf6
0-1

[Event "III Open A Primavera"]
[Site "Como ITA"]
[Date "2007.04.13"]
[Round "1"]
[White "Ghelfi, Giancarlo"]
[Black "Curioni, Franco"]
[Result "0-1"]
[WhiteElo "1553"]
[BlackElo "1952"]
[PlyCount "38"]
[EventDate "2007.04.13"]

1. e4 c5 2. Nf3 e6 3. d4 cxd4 4. Nxd4 a6 5. Be2 Qc7 6. O-O Nf6 7. Nc3 Bc5 8.
Be3 O-O 9. Qd3 d6 10. Nb3 Bxe3 11. Qxe3 b5 12. Bd3 Bb7 13. Rad1 Nbd7 14. a3
Rac8 15. f3 Rfd8 16. Ne2 d5 17. Ng3 dxe4 18. Nxe4 Bxe4 19. fxe4 Qxh2+ 0-1

[Event "III Open A Primavera"]
[Site "Como ITA"]
[Date "2007.04.13"]
[Round "1"]
[White "Grassetto, Gilberto"]
[Black "Ostini, Michele"]
[Result "1-0"]
[WhiteElo "1933"]
[BlackElo "1482"]
[PlyCount "135"]
[EventDate "2007.04.13"]

1. d4 d5 2. Nf3 e6 3. Nbd2 c5 4. e3 Nc6 5. Be2 Nf6 6. a3 Qc7 7. dxc5 Bxc5 8. b4
Bd6 9. Bb2 Qe7 10. c4 dxc4 11. Nxc4 Bc7 12. O-O a6 13. Rc1 O-O 14. Qc2 Nb8 15.
Rfd1 Nbd7 16. Bd3 b5 17. Nce5 Nxe5 18. Nxe5 Bxe5 19. Bxe5 h6 20. Bd4 Rd8 21.
Qe2 Bb7 22. Bb1 Rac8 23. f3 e5 24. Bc5 Qe8 25. e4 Nd7 26. Ba2 Nf8 27. Bd5 Ba8
28. Bxa8 Rxa8 29. Rd5 f6 30. Rcd1 Ne6 31. Qa2 Kh8 32. Qd2 Kg8 33. h3 Kf7 34. g4
Qc6 35. Kf2 Qc7 36. h4 Rxd5 37. exd5 Nf4 38. d6 Qd7 39. Be3 Ne6 40. g5 hxg5 41.
hxg5 Rh8 42. Qd5 Rc8 43. Kg3 Kg6 44. gxf6 gxf6 45. Rg1 Kf7 46. Bc5 Rh8 47. Kf2
Rc8 48. Re1 Kg6 49. Rg1+ Kf7 50. Rh1 Kg7 51. Qe4 Ng5 52. Rg1 Rd8 53. f4 exf4
54. Qxf4 Qe6 55. Rxg5+ fxg5 56. Qxg5+ Qg6 57. Qxd8 Qf5+ 58. Kg3 Qd3+ 59. Kf4
Qc4+ 60. Ke5 Qe2+ 61. Kf4 Qc4+ 62. Kg3 Qb3+ 63. Kg4 Qc4+ 64. Kf3 Qb3+ 65. Be3
Qd1+ 66. Kf2 Qc2+ 67. Kg3 Qg6+ 68. Qg5 1-0

[Event "III Open A Primavera"]
[Site "Como ITA"]
[Date "2007.04.13"]
[Round "1"]
[White "Lipari, Alberto"]
[Black "Canali, Marco"]
[Result "0-1"]
[WhiteElo "1464"]
[BlackElo "1847"]
[PlyCount "60"]
[EventDate "2007.04.13"]

1. e4 c5 2. Nf3 Nc6 3. Bc4 e6 4. c3 Nf6 5. e5 Nd5 6. d4 Nb6 7. Bb5 cxd4 8. Bxc6
bxc6 9. Nxd4 Ba6 10. Ne2 Qc7 11. Bf4 Nd5 12. Bg3 h5 13. h3 Rb8 14. b4 c5 15. a3
Qc6 16. Nf4 Nxf4 17. Bxf4 Qxg2 18. Rh2 Qe4+ 19. Be3 Qxe5 20. Rg2 f5 21. Qa4 Bb7
22. Kf1 f4 23. Bxc5 Bxc5 24. bxc5 f3 25. Qd1 Qe2+ 26. Qxe2 fxe2+ 27. Kxe2 Bxg2
28. Nd2 Kf7 29. f4 Bxh3 30. Nf3 Bg4 0-1

[Event "III Open A Primavera"]
[Site "Como ITA"]
[Date "2007.04.13"]
[Round "1"]
[White "Lotti, Riccardo"]
[Black "Lancianese, Giuseppe"]
[Result "0-1"]
[WhiteElo "1389"]
[BlackElo "1640"]
[PlyCount "58"]
[EventDate "2007.04.13"]

1. d4 d5 2. c4 Nf6 3. Nc3 c6 4. Nf3 Bg4 5. Ne5 Bh5 6. Qd3 e6 7. Bg5 Be7 8. Bxf6
Bxf6 9. Nf3 O-O 10. e3 dxc4 11. Qxc4 Nd7 12. Be2 Bg6 13. e4 Nb6 14. Qd3 Nd5 15.
Nxd5 exd5 16. Qe3 dxe4 17. Ne5 Bxe5 18. dxe5 Qa5+ 19. Qd2 Qxe5 20. O-O Rfd8 21.
Qc3 Qxc3 22. bxc3 Kf8 23. f3 e3 24. f4 Bd3 25. Rae1 c5 26. c4 Rd4 27. Rf3 Re8
28. Bd1 Bxc4 29. Rexe3 Rxe3 0-1

[Event "III Open A Primavera"]
[Site "Como ITA"]
[Date "2007.04.13"]
[Round "1"]
[White "Napoli, Ferdinando"]
[Black "Vaghi, Cornelio"]
[Result "1-0"]
[WhiteElo "1826"]
[BlackElo "1461"]
[PlyCount "51"]
[EventDate "2007.04.13"]

1. e4 c5 2. Nf3 Nc6 3. d4 cxd4 4. Nxd4 e6 5. Nc3 a6 6. Be2 Bc5 7. Be3 Nxd4 8.
Bxd4 Qc7 9. Bxg7 Qf4 10. O-O h5 11. Bxh8 f6 12. Bxh5+ Kd8 13. Qg4 Qxg4 14. Bxg4
b5 15. e5 f5 16. Bf3 Ra7 17. Rfd1 Ne7 18. Bf6 Bb7 19. Bxb7 Rxb7 20. Rd3 Kc7 21.
Rad1 Kc6 22. a3 Ng6 23. Ne2 Be7 24. Bxe7 Nxe7 25. Rd6+ Kc5 26. b4+ 1-0

[Event "III Open A Primavera"]
[Site "Como ITA"]
[Date "2007.04.13"]
[Round "1"]
[White "Puppi, Simone"]
[Black "Luppi, Dario"]
[Result "0-1"]
[WhiteElo "1440"]
[BlackElo "1718"]
[PlyCount "54"]
[EventDate "2007.04.13"]

1. e4 e6 2. d4 d5 3. Nc3 Nf6 4. e5 Nfd7 5. Nf3 c5 6. Be3 Nc6 7. Bb5 a6 8. Bxc6
bxc6 9. Ne2 cxd4 10. Nexd4 c5 11. Ne2 Qc7 12. Bf4 a5 13. O-O Ba6 14. Re1 Be7
15. Qd2 h6 16. h3 g5 17. Bh2 Qd8 18. Ng3 h5 19. Qe3 g4 20. hxg4 hxg4 21. Nd2
Bg5 22. f4 gxf3 23. Qxf3 Bxd2 24. Nh5 Qh4 25. Nf6+ Nxf6 26. exf6 Bxe1 27. Rxe1
Qxe1+ 0-1

[Event "III Open A Primavera"]
[Site "Como ITA"]
[Date "2007.04.13"]
[Round "1"]
[White "Spinelli, Francesco"]
[Black "Gonella, Graziano"]
[Result "1-0"]
[WhiteElo "1601"]
[BlackElo "1386"]
[PlyCount "61"]
[EventDate "2007.04.13"]

1. e4 e5 2. Nf3 Nc6 3. Bc4 Nf6 4. d3 d6 5. Bg5 Be6 6. Bxe6 fxe6 7. Nc3 d5 8. h3
h6 9. Bh4 Be7 10. a3 Qd7 11. b4 d4 12. Ne2 Ng8 13. Bxe7 Ngxe7 14. b5 Na5 15. a4
b6 16. Nxe5 Qd6 17. f4 Qb4+ 18. Qd2 Qxd2+ 19. Kxd2 g6 20. Nxd4 g5 21. Nxe6 Rc8
22. fxg5 hxg5 23. Nxg5 Rf8 24. Raf1 Nb7 25. Rxf8+ Kxf8 26. Rf1+ Kg7 27. Ne6+
Kh7 28. Rf7+ Kg8 29. Rxe7 Nd8 30. Rg7+ Kh8 31. Ng6# 1-0

[Event "III Open A Primavera"]
[Site "Como ITA"]
[Date "2007.04.20"]
[Round "2"]
[White "Canali, Marco"]
[Black "Spinelli, Francesco"]
[Result "1-0"]
[WhiteElo "1847"]
[BlackElo "1601"]
[PlyCount "45"]
[EventDate "2007.04.13"]

1. e4 e5 2. Bc4 Bc5 3. Nc3 Nf6 4. d3 h6 5. f4 Nc6 6. Nf3 d6 7. Na4 Bb6 8. a3
Bg4 9. c3 exf4 10. Bxf4 Ne5 11. Bxe5 dxe5 12. Nxb6 axb6 13. Bxf7+ Kxf7 14.
Nxe5+ Kf8 15. Nxg4 Nxg4 16. Qxg4 Qxd3 17. Rf1+ Kg8 18. Rf3 Qd6 19. Rd1 Qe5 20.
Rd5 h5 21. Qf5 Qxh2 22. Qf7+ Kh7 23. Rxh5+ 1-0

[Event "III Open A Primavera"]
[Site "Como ITA"]
[Date "2007.04.20"]
[Round "2"]
[White "Ciancio, Mario"]
[Black "Lotti, Riccardo"]
[Result "1-0"]
[WhiteElo "1569"]
[BlackElo "1389"]
[PlyCount "96"]
[EventDate "2007.04.13"]

1. e4 e6 2. d4 d5 3. e5 c5 4. c3 Nc6 5. Nf3 Qb6 6. Be2 Bd7 7. O-O cxd4 8. cxd4
Nge7 9. Nc3 a6 10. Na4 Qa7 11. a3 Ng6 12. Be3 Be7 13. Rc1 O-O 14. b4 b5 15. Nc5
Rac8 16. g3 f6 17. h4 Rf7 18. h5 Nf8 19. Qd2 h6 20. Nd3 Nh7 21. Nf4 Qc7 22. Ng6
Qd8 23. Kh2 Nf8 24. Bd3 Nxg6 25. Bxg6 Rf8 26. Bxh6 fxe5 27. Nxe5 Bf6 28. Nxc6
Bxc6 29. Be3 Be8 30. Rxc8 Qxc8 31. Rc1 Qd8 32. Bxe8 Qxe8 33. g4 Qb8+ 34. Kh3
Qd6 35. g5 Be7 36. f4 Qd7 37. Kg3 Qe8 38. Qd1 Bd6 39. Qg4 Qd7 40. h6 g6 41. Qd1
Kh7 42. Qc2 Qf7 43. Rf1 Qb7 44. Rc1 Qb8 45. Qd2 Kg8 46. Rc6 Kh7 47. Qc1 Rf7 48.
Rxd6 Qb7 1-0

[Event "III Open A Primavera"]
[Site "Como ITA"]
[Date "2007.04.20"]
[Round "2"]
[White "Curioni, Franco"]
[Black "Corti, Filippo"]
[Result "1-0"]
[WhiteElo "1952"]
[BlackElo "1649"]
[PlyCount "35"]
[EventDate "2007.04.13"]

1. e4 c6 2. c4 d6 3. h3 Nf6 4. Nc3 g6 5. d4 Bg7 6. Nf3 O-O 7. Be2 Nbd7 8. e5
dxe5 9. dxe5 Ne8 10. Bg5 Qc7 11. Bxe7 Nxe5 12. Bxf8 Nxf3+ 13. Bxf3 Kxf8 14. Qd2
Nd6 15. Rd1 Nxc4 16. Qg5 Nd6 17. Qc5 Ke7 18. Nb5 1-0

[Event "III Open A Primavera"]
[Site "Como ITA"]
[Date "2007.04.20"]
[Round "2"]
[White "Gonella, Graziano"]
[Black "Lipari, Alberto"]
[Result "0-1"]
[WhiteElo "1386"]
[BlackElo "1464"]
[PlyCount "72"]
[EventDate "2007.04.13"]

1. e4 c5 2. Bc4 e6 3. Nc3 Nf6 4. d3 d5 5. Bb5+ Bd7 6. Bxd7+ Qxd7 7. Nf3 d4 8.
Ne5 Qc7 9. Bf4 dxc3 10. b3 Bd6 11. g3 Bxe5 12. Bxe5 Qxe5 13. O-O O-O 14. Qf3
Nc6 15. Rac1 Nd4 16. Qe3 Ng4 17. f4 Nxe3 18. fxe5 Nxf1 19. Kxf1 f5 20. exf5
Rxf5+ 21. Kg2 Raf8 22. Kg1 Ne2+ 23. Kg2 Nxc1 24. d4 cxd4 25. b4 Nxa2 26. b5 Nb4
27. g4 Rf2+ 28. Kh3 Nxc2 29. b6 axb6 30. Kg3 d3 31. g5 d2 32. h3 d1=Q 33. Kh4
Qd4+ 34. Kh5 Rh2 35. g6 Rxh3+ 36. Kg5 Qf4# 0-1

[Event "III Open A Primavera"]
[Site "Como ITA"]
[Date "2007.04.20"]
[Round "2"]
[White "Lancianese, Giuseppe"]
[Black "Napoli, Ferdinando"]
[Result "1/2-1/2"]
[WhiteElo "1640"]
[BlackElo "1826"]
[PlyCount "33"]
[EventDate "2007.04.13"]

1. d4 Nf6 2. Nf3 g6 3. Bf4 d6 4. h3 Bg7 5. e3 O-O 6. Bd3 Nbd7 7. O-O Re8 8. Bh2
c6 9. c3 Qb6 10. Qc2 e5 11. Nbd2 Qc7 12. Rfd1 Nd5 13. Nc4 N7b6 14. dxe5 dxe5
15. Rd2 Nxc4 16. Bxc4 Nb6 17. Bb3 1/2-1/2

[Event "III Open A Primavera"]
[Site "Como ITA"]
[Date "2007.04.20"]
[Round "2"]
[White "Liscio, Giovanni"]
[Black "Giaracuni, Claudio"]
[Result "1-0"]
[WhiteElo "2000"]
[BlackElo "1759"]
[PlyCount "45"]
[EventDate "2007.04.13"]

1. d4 d5 2. c4 e6 3. Nc3 Nf6 4. Nf3 c6 5. e3 Be7 6. Bd3 Nbd7 7. O-O O-O 8. b3
Re8 9. Bb2 Nf8 10. Qc2 Ng6 11. Ne5 c5 12. Rfd1 Bd7 13. cxd5 cxd4 14. Bxg6 hxg6
15. Rxd4 Qc7 16. Nxd7 Nxd7 17. dxe6 fxe6 18. Rc4 Qb8 19. Nb5 Bd6 20. Qxg6 Bxh2+
21. Kf1 Be5 22. Bd4 Nb6 23. Rc7 1-0

[Event "III Open A Primavera"]
[Site "Como ITA"]
[Date "2007.04.20"]
[Round "2"]
[White "Luppi, Dario"]
[Black "Grassetto, Gilberto"]
[Result "1-0"]
[WhiteElo "1718"]
[BlackElo "1933"]
[PlyCount "95"]
[EventDate "2007.04.13"]

1. d4 d5 2. Bf4 Nf6 3. Nf3 e6 4. e3 Nbd7 5. Bd3 c5 6. c3 Be7 7. Nbd2 b6 8. Ne5
Bb7 9. Qf3 Nxe5 10. Bxe5 Bd6 11. Bb5+ Ke7 12. Qg3 Bxe5 13. dxe5 Nd7 14. f4 Kf8
15. O-O a6 16. Ba4 b5 17. Bc2 g6 18. e4 Nb6 19. f5 gxf5 20. exf5 Rg8 21. Qh3 d4
22. Rf2 exf5 23. Qxf5 Rg7 24. Be4 Bxe4 25. Nxe4 Kg8 26. Rd1 Nd5 27. e6 Ne3 28.
exf7+ Kf8 29. Qxc5+ Qe7 30. Qc6 Rd8 31. Rxd4 Rxf7 32. Rxd8+ Qxd8 33. Rxf7+ Kxf7
34. Nd6+ Kg8 35. Qe8+ Qxe8 36. Nxe8 Nd1 37. Nc7 Nxb2 38. Nxa6 Na4 39. Kf2 Nxc3
40. Nb4 Kf7 41. Ke3 Ke6 42. g4 Ke5 43. h4 Ne4 44. Nd3+ Kd5 45. g5 Nc3 46. h5
Nxa2 47. g6 hxg6 48. h6 1-0

[Event "III Open A Primavera"]
[Site "Como ITA"]
[Date "2007.04.20"]
[Round "2"]
[White "Ostini, Michele"]
[Black "Calabrese, Salvatore"]
[Result "1-0"]
[WhiteElo "1482"]
[BlackElo "1356"]
[PlyCount "119"]
[EventDate "2007.04.13"]

1. d4 g6 2. c4 Bg7 3. Nc3 b6 4. e4 Bb7 5. Nf3 Na6 6. Bf4 Nf6 7. e5 Nh5 8. Bg5
h6 9. Be3 f5 10. exf6 Nxf6 11. Bd3 Ng4 12. Bxg6+ Kf8 13. Qd3 e6 14. Bf4 c5 15.
Bd6+ Kg8 16. d5 Qf6 17. h3 Nb4 18. Qb1 exd5 19. Bg3 Re8+ 20. Bxe8 Qe7+ 21. Ne2
Ne3 22. fxe3 Qxe3 23. Bg6 dxc4 24. Bf2 Qe6 25. O-O Bxf3 26. Nf4 Qf6 27. Re1 Bf8
28. gxf3 Qxf4 29. Qf5 Qg5+ 30. Kh2 Bd6+ 31. Kh1 Qxf5 32. Bxf5 Kg7 33. Red1 Kf6
34. Be4 Ke6 35. a3 Nd3 36. Bxd3 cxd3 37. Rxd3 Rf8 38. Rad1 Be5 39. Re1 c4 40.
Rde3 d6 41. Bg3 Rf5 42. f4 Rh5 43. Kg2 b5 44. fxe5 d5 45. Rd1 Rg5 46. h4 Rg4
47. Kf3 h5 48. Ke2 a5 49. Rf3 d4 50. b4 Re4+ 51. Kd2 axb4 52. axb4 Kd5 53. Kc2
Re2+ 54. Rd2 d3+ 55. Kc3 Rxd2 56. Kxd2 Kd4 57. Rf4+ Kd5 58. Rf8 Kd4 59. Rd8+
Ke4 60. e6 1-0

[Event "III Open A Primavera"]
[Site "Como ITA"]
[Date "2007.04.20"]
[Round "2"]
[White "Petetta, Roberto"]
[Black "Bellotto, Stefano"]
[Result "0-1"]
[WhiteElo "1778"]
[BlackElo "1988"]
[PlyCount "46"]
[EventDate "2007.04.13"]

1. e4 d6 2. d4 Nf6 3. f3 c6 4. c3 Nbd7 5. Bd3 e5 6. Ne2 Be7 7. O-O O-O 8. f4
Re8 9. f5 d5 10. Nd2 Qc7 11. exd5 cxd5 12. dxe5 Nxe5 13. Bc2 Bc5+ 14. Nd4 Nfg4
15. Ne4 dxe4 16. Rf4 Nf6 17. Bxe4 Nxe4 18. Rxe4 Bxf5 19. Rf4 Bg6 20. Kh1 Rad8
21. b4 Bxd4 22. Rxd4 Rxd4 23. cxd4 Nd3 0-1

[Event "III Open A Primavera"]
[Site "Como ITA"]
[Date "2007.04.20"]
[Round "2"]
[White "Raineri, Pieroberto"]
[Black "Puppi, Simone"]
[Result "1-0"]
[WhiteElo "1565"]
[BlackElo "1440"]
[PlyCount "63"]
[EventDate "2007.04.13"]

1. Nf3 Nc6 2. c4 e6 3. Nc3 Bc5 4. d4 Bb4 5. Qc2 Nf6 6. a3 Bxc3+ 7. Qxc3 h6 8.
e3 Ne7 9. Bd3 c6 10. O-O Qc7 11. h3 Qd8 12. b3 d5 13. c5 b6 14. Bb2 Bd7 15. Ne5
Qc7 16. a4 Rb8 17. Ba3 Ne4 18. Qc2 Nf6 19. Rfc1 Rc8 20. Ba6 Rb8 21. cxb6 Rxb6
22. Bb5 O-O 23. Bxe7 Rfb8 24. b4 Rxb5 25. axb5 Rxb5 26. Qd3 Be8 27. Qxb5 Qxe7
28. Qc5 Qd8 29. Qxa7 Qc8 30. Rxc6 Bxc6 31. Qxf7+ Kh7 32. Ra7 1-0

[Event "III Open A Primavera"]
[Site "Como ITA"]
[Date "2007.04.20"]
[Round "2"]
[White "Rizzi, Pierantonio"]
[Black "Ghelfi, Giancarlo"]
[Result "0-1"]
[WhiteElo "1410"]
[BlackElo "1553"]
[PlyCount "72"]
[EventDate "2007.04.13"]

1. e4 c5 2. Nc3 Nc6 3. Bc4 d6 4. Nf3 Bg4 5. d3 Nf6 6. h3 Bh5 7. g4 Bg6 8. Ng5
e6 9. Bf4 h6 10. Nf3 Be7 11. Qd2 a6 12. O-O-O b5 13. Bb3 a5 14. Nxb5 Rb8 15.
Ba4 Qb6 16. b3 e5 17. Be3 O-O 18. Nc3 Nd4 19. Bxd4 cxd4 20. Nd5 Nxd5 21. exd5
e4 22. dxe4 Bxe4 23. Qe2 Rfe8 24. Rhe1 Bxd5 25. Qd2 Bxf3 26. Qxd4 Qxd4 27. Rxd4
Bg5+ 28. Kb2 Rxe1 29. Rxd6 Re2 30. Ra6 Bf6+ 31. Ka3 Rxc2 32. Rxa5 Be7+ 33. b4
Bxb4+ 34. Kb3 Bd1 35. Bb5 Bxa5 36. Ka4 Rxa2# 0-1

[Event "III Open A Primavera"]
[Site "Como ITA"]
[Date "2007.04.20"]
[Round "2"]
[White "Vaghi, Cornelio"]
[Black "Pede, Lucio"]
[Result "1-0"]
[WhiteElo "1461"]
[BlackElo "1748"]
[PlyCount "121"]
[EventDate "2007.04.13"]

1. e4 e5 2. Nf3 Nc6 3. Bb5 a6 4. Ba4 b5 5. Bb3 d6 6. c3 Nf6 7. Bc2 Be7 8. h3
O-O 9. O-O h6 10. d4 exd4 11. cxd4 Nb4 12. Nc3 Nxc2 13. Qxc2 c5 14. Ne2 Re8 15.
Nh2 Bf8 16. f3 Bd7 17. d5 Qb8 18. Be3 Nxd5 19. Bf2 Nb4 20. Qd2 Qb7 21. a3 Nc6
22. Rad1 Ne5 23. Nf4 b4 24. Rc1 Bb5 25. Rfe1 Nc4 26. Qd5 Qxd5 27. Nxd5 Ra7 28.
axb4 Nxb2 29. bxc5 dxc5 30. Re3 Nd3 31. Rb1 c4 32. Rxd3 cxd3 33. Bxa7 Rc8 34.
Nf1 Bc5+ 35. Bxc5 Rxc5 36. Nde3 Rc3 37. Nd2 Kf8 38. Rb2 Ke8 39. Kf2 Kd8 40. Nd5
Rc2 41. Rxc2 dxc2 42. Nb3 Bc4 43. Nc1 Bxd5 44. exd5 Kd7 45. Ke3 Kd6 46. Kd3
Kxd5 47. Kxc2 Kd4 48. Kd2 f5 49. Nb3+ Ke5 50. Ke3 f4+ 51. Ke2 g5 52. Nc5 a5 53.
Kd3 h5 54. Na6 Kf5 55. Nc5 Ke5 56. Nb7 a4 57. Na5 Kd5 58. Nc4 Kc5 59. Kc3 g4
60. h4 Kd5 61. Nb6+ 1-0

[Event "III Open A Primavera"]
[Site "Como ITA"]
[Date "2007.04.27"]
[Round "3"]
[White "Bellotto, Stefano"]
[Black "Luppi, Dario"]
[Result "1/2-1/2"]
[WhiteElo "1988"]
[BlackElo "1718"]
[PlyCount "74"]
[EventDate "2007.04.13"]

1. d4 Nf6 2. c4 Nc6 3. Nc3 e5 4. d5 Ne7 5. e4 Ng6 6. Nf3 Bc5 7. Bd3 O-O 8. O-O
a6 9. Na4 Ba7 10. b4 d6 11. Bd2 Nh5 12. Re1 Nhf4 13. Bf1 f5 14. Nc3 fxe4 15.
Nxe4 Bg4 16. Be3 Nh4 17. Bxa7 Rxa7 18. Re3 Qe8 19. Qb3 Nxf3+ 20. gxf3 Bd7 21.
c5 Qg6+ 22. Ng3 h5 23. Kh1 h4 24. Ne2 Nh5 25. Re4 Qf6 26. Ng1 Bf5 27. Re3 e4
28. Rae1 exf3 29. Bd3 Ng3+ 30. fxg3 f2 31. Bxf5 Qxf5 32. Rf1 hxg3 33. Rxg3
fxg1=Q+ 34. Rfxg1 Qe4+ 35. R3g2 Rf2 36. Qg3 Rxg2 37. Rxg2 Qb1+ 1/2-1/2

[Event "III Open A Primavera"]
[Site "Como ITA"]
[Date "2007.04.27"]
[Round "3"]
[White "Calabrese, Salvatore"]
[Black "Rizzi, Pierantonio"]
[Result "0-1"]
[WhiteElo "1356"]
[BlackElo "1410"]
[PlyCount "62"]
[EventDate "2007.04.13"]

1. e4 e5 2. Nf3 Nc6 3. Nc3 Nf6 4. Bc4 Bb4 5. O-O Bxc3 6. dxc3 Nxe4 7. Re1 Nf6
8. Nxe5 O-O 9. Bg5 Nxe5 10. Rxe5 d6 11. Re3 h6 12. Bxf6 Qxf6 13. Qe2 a6 14. Re1
Bd7 15. Re7 Bb5 16. Bxb5 axb5 17. Qxb5 c6 18. Qxb7 d5 19. Qd7 Qg6 20. h4 Rxa2
21. Re8 Rxe8 22. Rxe8+ Kh7 23. Qd8 Ra1+ 24. Kh2 Qf6 25. Rh8+ Kg6 26. Qd6 Qxd6+
27. Kh3 Rh1+ 28. Kg4 Qe6+ 29. Kg3 Qe5+ 30. Kg4 f5+ 31. Kf3 Qe4+ 0-1

[Event "III Open A Primavera"]
[Site "Como ITA"]
[Date "2007.04.27"]
[Round "3"]
[White "Canali, Marco"]
[Black "Liscio, Giovanni"]
[Result "1/2-1/2"]
[WhiteElo "1847"]
[BlackElo "2000"]
[PlyCount "56"]
[EventDate "2007.04.13"]

1. e4 c5 2. Nf3 d6 3. Bb5+ Bd7 4. Bxd7+ Nxd7 5. O-O g6 6. c3 Bg7 7. d4 e5 8.
Qb3 Qc7 9. Na3 Ngf6 10. dxe5 dxe5 11. Ng5 O-O 12. f3 a6 13. Be3 Rac8 14. Rfd1
h6 15. Nh3 Rfd8 16. Qc2 Nf8 17. Qf2 Ne6 18. Qh4 g5 19. Qe1 c4 20. Qe2 b5 21.
Nc2 Bf8 22. g3 Rxd1+ 23. Rxd1 Rd8 24. Nf2 Rxd1+ 25. Nxd1 Qd7 26. Nf2 Kg7 27.
Bc1 Bc5 28. Be3 Be7 1/2-1/2

[Event "III Open A Primavera"]
[Site "Como ITA"]
[Date "2007.04.27"]
[Round "3"]
[White "Ciancio, Mario"]
[Black "Curioni, Franco"]
[Result "1/2-1/2"]
[WhiteElo "1569"]
[BlackElo "1952"]
[PlyCount "58"]
[EventDate "2007.04.13"]

1. e4 c5 2. Nf3 e6 3. d4 cxd4 4. Nxd4 a6 5. Nc3 Qc7 6. Bd3 Nf6 7. O-O Bc5 8.
Nf3 d6 9. Ne2 O-O 10. Ng3 Nc6 11. c3 d5 12. exd5 Nxd5 13. Ne2 Bd7 14. a3 Rfd8
15. b4 Bd6 16. c4 Ne5 17. cxd5 Nxf3+ 18. gxf3 Bxh2+ 19. Kg2 Qe5 20. Rb1 Qh5 21.
Rh1 Qxd5 22. Rxh2 h6 23. Qb3 Qd6 24. Bf4 e5 25. Be3 Be6 26. Bc4 Bxc4 27. Qxc4
Qg6+ 28. Qg4 Qxb1 29. Bxh6 Qg6 1/2-1/2